| 000 | 00329nam a2200121Ia 4500 | ||
|---|---|---|---|
| 008 | 250110s9999 xx 000 0 und d | ||
| 041 | _aeng | ||
| 100 |
_aSonawane Sayali S _9182909 |
||
| 245 | _aDestination Wedding Resort | ||
| 260 |
_bBNCA B-Arch ID, Pune _c2016 |
||
| 300 | _a108p | ||
| 700 |
_aGuide Name:Andhare Sayali _9210586 |
||
| 999 |
_c363778 _d363778 |
||